• 首页
  • 本馆介绍
  • 公告通知
  • 最新文献
  • 馆藏检索
  • 电子资源
  • 读者导购
  • 参考咨询
  • 我的图书馆
  • 登录
  • 详细信息显示
  • 放入我的书架
  • 预约/预借图书
  • 作者相关作品
  • 分类相关作品
  • 丛书相关作品
  • 出版社相关作品

书目信息

  • 表格格式
  • 工作单格式
  • 卡片格式
题名:
致胜大数据时代的50种思维方法
    
 
作者: 杨倩 编著
分册:  
出版信息: 北京   红旗出版社  2015
页数: 224页
开本: 24cm
丛书名:
单 册:
中图分类: F49
科图分类:
主题词: 信息经济--研究
电子资源:
ISBN: 978-7-5051-3310-5
000 01112nam0 2200265 450
001 012001000161
005 20140920091301.0
010    @a978-7-5051-3310-5@dCNY36.00
100    @a20150712d2015 em y0chiy50 ea
101 0  @achi
102    @aCN@b110000
105    @ay z 000yy
106    @ar
200 1  @a致胜大数据时代的50种思维方法@9Zhi Sheng Da Shu Ju Shi Dai De 50 Chong Si Wei Fang Fa@e如何用大数据思维改变现状,预知未来,成功获利@f杨倩编著
210    @a北京@c红旗出版社@d2015
215    @a224页@d24cm
312    @a封面英文题名:Big data control the world
330    @a本书共12章,内容包括:大数据是一场革命、应对传统模式的大数据思维、新数据时代的新思维、大数据能量的积累与爆发、大数据引导的商业变革、大数据的营销策略、更加透明的大数据时代等。
510 1  @aBig data control the world@zeng
517 1  @a如何用大数据思维改变现状,预知未来,成功获利@9Ru He Yong Da Shu Ju Si Wei Gai Bian Xian Zhuang , Yu Zhi Wei Lai , Cheng Gong Huo Li
606 0  @a信息经济@x研究
690    @aF49@v5
701  0 @a杨倩@9Yang Qian@4编著
801  0 @aCN@b上海新华@c20180901
905    @b1040794-98@dF49@e11@f5
    
    致胜大数据时代的50种思维方法:如何用大数据思维改变现状,预知未来,成功获利/杨倩编著.-北京:红旗出版社,2015
    224页;24cm
    
    
    ISBN 978-7-5051-3310-5:CNY36.00
    本书共12章,内容包括:大数据是一场革命、应对传统模式的大数据思维、新数据时代的新思维、大数据能量的积累与爆发、大数据引导的商业变革、大数据的营销策略、更加透明的大数据时代等。
●
相关链接 在E读中查询图书 在五车中查询图书 在当当中查询图书 在豆瓣中查询图书


正题名:致胜大数据时代的50种思维方法     索取号:F49/11         预约/预借

序号 登录号 条形码 馆藏地/架位号 状态 备注
1 1040794   210407941   第一样本阅览室/ [索取号:F49/11] 在馆    
2 1040795   210407950   第一借阅区/ [索取号:F49/11] 在馆    
3 1040796   210407969   第一借阅区/ [索取号:F49/11] 在馆    
4 1040797   210407978   第一借阅区/ [索取号:F49/11] 在馆    
5 1040798   210407987   经管系资料室/ [索取号:F49/11] 在馆    
唐山师范学院图书馆 欢迎您!
大连网信软件有限公司© 版权所有